| 000 | 00451nam a2200157Ia 4500 | ||
|---|---|---|---|
| 008 | 230312s9999||||xx |||||||||||||| ||und|| | ||
| 020 | _a0-06-661992-0 | ||
| 082 |
_a658.4052 _bPOL-T |
||
| 100 | _aPollan Stephen , M. | ||
| 245 | 0 | _aTURNING NO INTO YES | |
| 260 |
_bHarper Business _aNew York _c2000 |
||
| 300 | _a254 | ||
| 546 | _aEng. | ||
| 650 |
_aManagement _vThere's Always a no , What's your problem , Taking charge of your life . |
||
| 942 | _cBK | ||
| 999 |
_c307 _d307 |
||